000 01134cam a2200289 4500
001 279532
003 AUA.1
005 20150226110336.0
008 840730m19649999nyu b 001 0 eng
010 _a00-021363
020 _a978-0-300-139891
040 _aDLC
_cDLC
_dDLC
050 0 0 _aBS 2341
_b.A53 2001
082 0 0 _a220.6/6
_219
100 _aKoester, Craig R.
_918207
130 0 _aBible.
_lEnglish.
_sAnchor Bible.
_f1964.
_918208
245 1 4 _aThe Anchor Bible :
_bHebrews /
_cCraig R. Koester.
260 _aNew Haven
_aLondon
_aDoubleday
_bYale University Press.
_c2001.
300 _axxiii, 604p. :
_c24 cm.
440 _aThe Anchor Bible :
_nvol. 36.
_948498
504 _aIncludes bibliographical references and indexes.
630 0 0 _aBible
_vCommentaries
_xHebrews
_918209
906 _a7
_bcbc
_corignew
_d2
_eocip
_f19
_gy-gencatlg
942 _2lcc
_cREF
_hBS 2341
_iA53 2001
999 _c5257
_d5257